000 00545nam a2200181Ia 4500
008 090711s9999 xx 000 0 und d
082 _b1285
100 _aप्रीतम अमgता
245 _aपरिSाय
260 _bमहेता पब्लिकेशन हाऊस
_c1997
300 _a135
600 _aप्रीतम अमgता
630 _aपरिSाय
700 _aदेसाई माधवी
700 _aप्रीतम अमgता
730 _aपरिSाय
942 _cBOOK
999 _c324959
_d324959